000 00817nam a2200241 i 4500
001 115572
003 ES-MaACL
005 20230906190506.0
007 t|
008 070316s1926 mx |||| | spa d
080 _a676.026.22
100 1 _aMena, Ramón.
_980051
245 1 0 _aFiligranas o
_bMarcas transparentes en papeles de Nueva España del siglo XVI.
246 3 0 _aMarcas transparentes en papeles de Nueva España del siglo XVI
260 _aMéxico :
_b[s.n.],
_c1926 (
_fImp. de la Secretaría de Relaciones Exteriores)
300 _a29 p. ;
_c20 cm.
490 1 _aMonografías bibliográficas mexicanas ;
_v5
650 4 _aFiligranas.
_9161064
650 4 _aPapel.
_9146757
830 0 _aMonografías bibliográficas mexicanas ;
_v5
_9186305
852 _aES-MaACL
_jB-13409
999 _c115572
_d115572